00667nam a22002057a 4500003000400000005001700004008004100021017002200062020001900084040001400103100003600117245011000153260003100263300002000294504003700314650002900351651003300380655001500413700003300428OSt20160622142032.0160622s2015 spc 000 ecspa|d aDL B. 21629-2015  a9788499926261  bcatcCDMR1 aAleksiévitx, Svetlana,d1948-10aVoces de Chernóbil b: crónica del futuro cSvetlana Alexievich ; traducción de Ricardo San Vicente aBarcelona :bDebate,c2015 a405 p. ;c24 cm aReferències bibliogràfiques 09aAccidents nuclears2thub 9aCornobil (Ucraïna)2thub  4aMemòries1 aSan Vicente, Ricardo,etrad.